000
00321nam a2200157Ia 4500
100
_a
Basu/Prabir K
650
_a
Engineering physics
942
_c
BK
366
_f
20
245
_a
Engineering physics
260
_b
Ane Books India
_c
2009
082
_a
530
_b
BAS
300
_a
257
546
_a
ENGLISH
999
_c
23614
_d
23614